[Event "De los Reyes op 21st"]
[Site "De los Reyes"]
[Date "2019.12.04"]
[Round "5"]
[White "Raskin Calvo, Elizabetta"]
[Black "Solanilla Olcese, Ada"]
[Result "0-1"]
[WhiteElo "1144"]
[BlackElo "1379"]
[PlyCount "100"]
[EventDate "2019.11.30"]
[EventType "swiss"]
[EventRounds "9"]
[EventCountry "ESP"]
[SourceTitle "CBM 193 Extra"]
[Source "ChessBase"]
[SourceDate "2020.01.31"]
[SourceVersion "1"]
[SourceVersionDate "2020.01.31"]
[SourceQuality "1"]

1. e4 e5 2. Nf3 Nc6 3. Bc4 Bc5 4. Nc3 Nf6 5. 0-0 0-0 6. Re1 d6 7. h3 Be6 8. Bxe6 fxe6 9. d3 Qd7 10. Bg5 h6 11. Bxf6 Rxf6 12. Qd2 Raf8 13. a3 Nd4 14. Nxd4 Bxd4 15. Nd1 Bxf2+ 16. Nxf2 Rxf2 17. Qe3 Rxc2 18. Rab1 Qb5 19. Re2 Rxe2 20. Qxe2 Qb6+ 21. Kh1 Rf2 22. Qh5 Qb5 23. d4 Rf1+ 24. Rxf1 Qxf1+ 25. Kh2 Qf4+ 26. g3 Qxe4 27. Qe8+ Kh7 28. Qxe6 Qg6 29. Qc8 Qc2+ 30. Kh1 exd4 31. Qxb7 c6 32. Qxa7 d3 33. Qd4 d2 34. Qxd6 d1R+ 35. Qxd1 Qxd1+ 36. Kg2 Qd2+ 37. Kf3 Qxb2 38. a4 Qb4 39. g4 g5 40. h4 gxh4 41. Kg2 Qb3 42. a5 Qa3 43. a6 Kg6 44. a7 Kg5 45. a8Q Qxa8 46. Kh3 Qa3+ 47. Kg2 Kxg4 48. Kh2 Qb2+ 49. Kg1 Kf3 50. Kh1 Qg2# 0-1

[Event "De los Reyes op 21st"]
[Site "De los Reyes"]
[Date "2019.12.02"]
[Round "3"]
[White "Diaz del Prado, Carlos"]
[Black "Raskin Calvo, Elizabetta"]
[Result "1-0"]
[WhiteElo "1286"]
[BlackElo "1144"]
[PlyCount "133"]
[EventDate "2019.11.30"]
[EventType "swiss"]
[EventRounds "9"]
[EventCountry "ESP"]
[SourceTitle "CBM 193 Extra"]
[Source "ChessBase"]
[SourceDate "2020.01.31"]
[SourceVersion "1"]
[SourceVersionDate "2020.01.31"]
[SourceQuality "1"]

1. d4 d5 2. Nf3 Nc6 3. Nbd2 Bf5 4. e3 a6 5. Nh4 e6 6. Nxf5 exf5 7. Bd3 g6 8. c3 Bg7 9. Qe2 Nge7 10. Nf3 h6 11. Bd2 Qd7 12. b4 b5 13. 0-0 0-0 14. Bc2 Rad8 15. a4 Nb8 16. axb5 axb5 17. Ra7 Rc8 18. Rb7 Qc6 19. Qxb5 Qa6 20. Qxa6 Nxa6 21. Bd3 Nb8 22. Ra1 Nbc6 23. b5 Nd8 24. Rba7 Ne6 25. b6 Nc6 26. Rb7 Ncd8 27. Rba7 cxb6 28. Rd7 Nc7 29. Rb1 Nde6 30. Rxb6 Rfd8 31. Rxd8+ Rxd8 32. h3 f4 33. e4 dxe4 34. Bxe4 Nd5 35. Bxd5 Rxd5 36. Rb8+ Kh7 37. Rb1 h5 38. Rc1 g5 39. c4 Rd6 40. d5 Nc5 41. Nxg5+ Kg6 42. Bb4 Kxg5 43. Bxc5 Rg6 44. d6 Bf6 45. Bb6 Rg8 46. c5 Bd8 47. Bxd8+ Rxd8 48. c6 Rxd6 49. c7 Rg6 50. c8Q h4 51. Qd8+ Kh6 52. Qf8+ Kh7 53. Qxf7+ Rg7 54. Qxf4 Rg6 55. Rc7+ Rg7 56. Qxh4+ Kg8 57. Rxg7+ Kxg7 58. Qf4 Kg6 59. Kh2 Kg7 60. Qd6 Kf7 61. Kg3 Kg7 62. Kg4 Kf7 63. Kg5 Kg7 64. Qc7+ Kf8 65. Kg6 Ke8 66. Kf6 Kf8 67. Qd8# 1-0